The standardisation of construction snagging (Record no. 118407)
[ view plain ]
| 000 -LEADER | |
|---|---|
| fixed length control field | 01519cam a2200277 4500 |
| 001 - CONTROL NUMBER | |
| control field | ABS68509 |
| 008 - FIXED-LENGTH DATA ELEMENTS--GENERAL INFORMATION | |
| fixed length control field | 041203n2004 000 0 eng u |
| 035 ## - SYSTEM CONTROL NUMBER | |
| System control number | (Sirsi) u128199 |
| 100 ## - MAIN ENTRY--PERSONAL NAME | |
| Personal name | Sommerville, J. |
| 245 #4 - TITLE STATEMENT | |
| Title | The standardisation of construction snagging |
| 260 ## - PUBLICATION, DISTRIBUTION, ETC. | |
| Date of publication, distribution, etc. | 2004 |
| 490 ## - SERIES STATEMENT | |
| Series statement | Structural Survey |
| Volume/sequential designation | 22(5) 2004, 251-258(8) |
| 520 ## - SUMMARY, ETC. | |
| Summary, etc. | Looks at how the residential sector of the construction industry continually experiences significant numbers of snags. Discusses how many site issues, including snagging, need to be resolved quickly and efficiently to avoid dispute and more importantly cost overrun. Highlights that snagging information produced by different professionals rarely acknowledges the needs of others. It is often so incompatible that the next stage in many processes is to reconstruct the information into a workable format. Concludes what is required is a coherent approach to the use and implementation of an IT based, industry wide, snagging format which would revolutionise and streamline the recording and approval process of construction snagging. Diagrams, tables and references. (Taken from journal abstract). |
| 590 ## - LOCAL NOTE (RLIN) | |
| Local note | ABS |
| 590 ## - LOCAL NOTE (RLIN) | |
| Local note | ABS |
| 650 ## - SUBJECT ADDED ENTRY--TOPICAL TERM | |
| Topical term or geographic name entry element | STANDARDISATION |
| 650 ## - SUBJECT ADDED ENTRY--TOPICAL TERM | |
| Topical term or geographic name entry element | QUALITY |
| 650 ## - SUBJECT ADDED ENTRY--TOPICAL TERM | |
| Topical term or geographic name entry element | SNAGGING |
| 650 ## - SUBJECT ADDED ENTRY--TOPICAL TERM | |
| Topical term or geographic name entry element | CONSTRUCTION PROJECTS |
| 650 ## - SUBJECT ADDED ENTRY--TOPICAL TERM | |
| Topical term or geographic name entry element | PROJECT DOCUMENTATION |
| 650 ## - SUBJECT ADDED ENTRY--TOPICAL TERM | |
| Topical term or geographic name entry element | PROJECT INFORMATION |
| 690 ## - LOCAL SUBJECT ADDED ENTRY--TOPICAL TERM (OCLC, RLIN) | |
| Topical term or geographic name as entry element | BUILDING AND CONSTRUCTION-REPAIRS AND MAINTENANCE |
| 700 ## - ADDED ENTRY--PERSONAL NAME | |
| Personal name | Craig, N. |
| 700 ## - ADDED ENTRY--PERSONAL NAME | |
| Personal name | Bowden, S. |
| 942 ## - ADDED ENTRY ELEMENTS (KOHA) | |
| Suppress in OPAC | 0 |
| Withdrawn status | Lost status | Source of classification or shelving scheme | Damaged status | Not for loan | Home library | Current library | Shelving location | Date acquired | Total Checkouts | Full call number | Barcode | Date last seen | Copy number | Price effective from | Koha item type |
|---|---|---|---|---|---|---|---|---|---|---|---|---|---|---|---|
| Dewey Decimal Classification | London | London | Journal article | 03/12/2004 | ABS68509 | 128199-1001 | 06/08/2019 | 1 | 06/08/2019 | Journal article |